000 00624nam a2200229Ia 4500
003 OSt
005 20221006165448.0
006 a|||||r|||| 00| 0
007 ta
008 221006b |||||||| |||| 00| 0 eng d
024 _a1,714
037 _cTextual
040 _aFML
_cFML
_beng
041 _2eng
_aeng
082 _aV43 ' N6, K6
100 _aMookherjee Sudhanshu Bimal Au.
_9679884
245 0 _aSouth - East Asia
260 _aKolkata
_bPostgraduate Book Mart
_c1966
300 _a179
_ccm.
942 _hV43 ' N6, K6
_cTEXL
_2CC
999 _c1120896
_d1120896